000
00323nam a2200145Ia 4500
003
OSt
005
20240305110406.0
008
170524s9999 xx 000 0 und d
020
_a
978-1119504306
040
_c
IIMT UNIVERSITY
100
_a
Weygandt
245
0
_a
Financial Accounting
260
_a
Wiley
942
_2
ddc
_c
01
999
_c
3155
_d
3155